|
|
|
|
| LEADER |
00000cam a2200000 7i4500 |
| 001 |
0000027213 |
| 005 |
20241118.0 |
| 008 |
161229 my a eng |
| 020 |
|
|
|a 9834091079
|
| 040 |
|
|
|a INS
|b eng
|e rda
|
| 090 |
0 |
0 |
|a Q175.52.M3
|b C766 2005
|
| 110 |
2 |
|
|a Convention on Unifying The Nation Through Science ,
|d 2003
|c Putrajaya
|
| 245 |
0 |
0 |
|a Proceedings Convention on Unifying on the nation through sceince
|
| 264 |
|
1 |
|a Putrajaya :
|b Biro Tatanegara, Jabatan Perdana Menteri
|c 2005
|
| 300 |
|
|
|a 111 pages :
|b illustrations ;
|c 21 cm.
|
| 336 |
|
|
|a text
|2 rdacontent
|
| 337 |
|
|
|a unmediated
|2 rdamedia
|
| 338 |
|
|
|a volume
|2 rdacarrier
|
| 650 |
|
0 |
|a Science
|x Social aspects
|z Malaysia
|x Congresses
|
| 650 |
|
0 |
|a Technology
|x Social aspects
|z Malaysia
|x Congresses
|
| 999 |
|
|
|a 0000022023
|b BOOK
|c Open Shelf
|e Default branch
|